Szczegóły MARC21

Mechanizmy corporate governance w spółkach giełdowych /

003 -Nazwa inst., której nr kontr. jest w polu 001 [,]
    • @
    • Nazwa instytucji, której n kontrolny jest w polu 001
    • NUKAT
005 -DATA I CZAS OSTATNIEJ MODYFIKACJI [,]
    • @
    • pole kontrolne
    • 20241231090341.0
020 -Międzynarod. znormalizowany nr książki - ISBN [ , ]
    • a
    • Numer ISBN
    • 9788373782730 Find
040 -Instytucja sporządzająca opis [ , ]
    • a
    • Instytucja, która sporządziła opis (NP)
    • KR 93/11SWB
    • c
    • Instytucja, która sporządziła rekord (NP)
    • KR 93/11SWB
    • d
    • Instytucja, która zmodyfikowała rekord (P)
    • KR 93/MD
    • d
    • Instytucja, która zmodyfikowała rekord (P)
    • KR 93/KKs
    • d
    • Instytucja, która zmodyfikowała rekord (P)
    • WA LAZ/JF
    • d
    • Instytucja, która zmodyfikowała rekord (P)
    • WA LAZ/AZ
942 -Rodzaj dokumentu [ , ]
    • c
    • Rodzaj dokumentu
    • Książka
100 -Hasło główne - nazwa osobowa [1, ]
    • a
    • Nazwa osobowa (NP)
    • Aluchna, Maria.
    • 9
    • KHW
    • 21607
245 -Strefa tytułu i oznaczenia odpowiedzialności [1,0]
    • a
    • Tytuł
    • Mechanizmy corporate governance w spółkach giełdowych / Find
    • c
    • Pozostałe elementy strefy tytułu i oznaczenia odpowiedzialności (NP)
    • Maria Aluchna.
260 -Strefa adresu wydawniczego [ , ]
    • a
    • Miejsce wydania (P)
    • Warszawa :
    • b
    • Nazwa wydawcy (P)
    • Szkoła Główna Handlowa - Oficyna Wydawnicza,
    • c
    • Data wydania (P)
    • 2007.
300 -Strefa opisu fizycznego [ , ]
    • a
    • Określenie formy książki i/lub objętość (NP)
    • 308 s. :
    • b
    • Oznaczenie ilustracji (NP)
    • il. ;
    • c
    • Format (NP)
    • 24 cm.
336 -Typ zawartości [ , ]
    • a
    • Termin opisujący typ zawartości
    • Tekst
    • b
    • Kod określający zawartość
    • txt
    • 2
    • Źródło (terminu i kodu)
    • rdacontent
337 -Typ mediów [ , ]
    • a
    • Tryb odtwarzania
    • Bez urządzenia pośredniczącego
    • b
    • Kod typu mediów
    • n
    • 2
    • Źródło (terminu i kodu)
    • rdamedia
338 -Typ/rodzaj nośnika [ , ]
    • a
    • Hasło opisujące typ nośnika
    • Wolumin
    • b
    • Kod typu nośnika
    • nc
    • 2
    • Źródło (terminu i kodu)
    • rdacarrier
500 -Uwaga ogólna [ , ]
    • a
    • Uwaga ogólna (NP)
    • Na podstawie pracy doktorskiej pt. Mechanizmy nadzorcze w polskich spółkach akcyjnych, obronionej w Kolegium Zarządzania i Finansów SGH.
500 -Uwaga ogólna [ , ]
    • a
    • Uwaga ogólna (NP)
    • Z tyłu okł.: Fundacja Edukacji Rynku Kapitałowego.
504 -Uwaga dot. bibliogr. załącznikowej [ , ]
    • a
    • Uwaga dot. bibliografii załącznikowej
    • Bibliogr. s. 291-308.
650 -Hasło przedmiotowe [ ,7]
    • a
    • Hasło przedmiotowe
    • Ład korporacyjny.
    • 2
    • Źródło terminu
    • kaba
    • 9
    • KHW
    • 136992
650 -Hasło przedmiotowe [ ,7]
    • a
    • Hasło przedmiotowe
    • Spółki akcyjne
    • x
    • Określnik rzeczowy
    • zarządzanie.
    • 2
    • Źródło terminu
    • kaba
    • 9
    • KHW
    • 604463
710 -Hasło dodatkowe - nazwa ciała zbiorowego [2, ]
    • a
    • Nazwa ciała zbiorowego lub nazwa geograficzna jako pierwszy element (NP)
    • Szkoła Główna Handlowa (Warszawa).
    • b
    • Nazwa jednostki podrzędnej (P)
    • Oficyna Wydawnicza.
    • 4
    • Kod relacji
    • pbl
    • 9
    • KHW
    • 50749
856 -Dostęp do wersji elektronicznej [4,8]
    • 3
    • Wyszczególnienie materiału
    • Okładka
920 -ISBN [ , ]
    • a
    • ISBN
    • 978-83-7378-273-0 Find
Lokalizacja Data inwentaryzacji Sygnatura Numer inwentarzowy Status udost.
T2021-09-16T.21306T.21306-2